[Event "Ostrava Konik op"]
[Site "Ostrava"]
[Date "2014.05.03"]
[Round "8"]
[White "Novak, Borivoj"]
[Black "Melecky, Jaroslav"]
[Result "0-1"]
[WhiteElo "1844"]
[BlackElo "1973"]
[PlyCount "92"]
[EventDate "2014.04.26"]
[EventType "swiss"]
[EventRounds "9"]
[EventCountry "CZE"]
[SourceTitle "CBM 160 Extra"]
[Source "ChessBase"]
[SourceDate "2014.07.01"]
[SourceVersion "1"]
[SourceVersionDate "2014.07.01"]
[SourceQuality "1"]

1. c4 e5 2. Nc3 Nf6 3. Nf3 Nc6 4. g3 d6 5. Bg2 Be7 6. 0-0 0-0 7. d3 Bg4 8. h3 Bd7 9. a3 a5 10. e3 Qc8 11. Kh2 Re8 12. b3 h6 13. Bb2 Nh7 14. Nd5 Bf8 15. Qc2 Nd8 16. b4 Ne6 17. h4 Qd8 18. b5 f5 19. Rh1 c6 20. Nc3 Nf6 21. Kg1 Rc8 22. a4 Nc5 23. Nd2 Be6 24. d4 Ncd7 25. dxe5 dxe5 26. bxc6 bxc6 27. f3 Bc5 28. Kh2 Bxe3 29. Rhd1 f4 30. Nf1 fxg3+ 31. Nxg3 Bf4 32. Nce2 Ng4+ 33. fxg4 Qxh4+ 34. Bh3 Bxg4 35. Nxf4 exf4 36. Qg2 fxg3+ 37. Kg1 Qxh3 38. Rd2 Qxg2+ 39. Kxg2 Re2+ 40. Rxe2 Bxe2 41. Bc3 Nc5 42. Bxa5 Nb3 43. Re1 Nxa5 44. Rxe2 Nxc4 45. Kxg3 c5 46. Rc2 Na5 0-1

[Event "Ostrava Konik op"]
[Site "Ostrava"]
[Date "2014.04.28"]
[Round "3"]
[White "Novak, Borivoj"]
[Black "Nytra, Ondrej"]
[Result "1-0"]
[WhiteElo "1844"]
[BlackElo "1452"]
[PlyCount "115"]
[EventDate "2014.04.26"]
[EventType "swiss"]
[EventRounds "9"]
[EventCountry "CZE"]
[SourceTitle "CBM 160 Extra"]
[Source "ChessBase"]
[SourceDate "2014.07.01"]
[SourceVersion "1"]
[SourceVersionDate "2014.07.01"]
[SourceQuality "1"]

1. c4 e5 2. Nc3 Nf6 3. Nf3 Nc6 4. g3 d6 5. Bg2 h6 6. d3 g6 7. 0-0 Bg7 8. Rb1 0-0 9. Bd2 Bf5 10. a3 e4 11. Nh4 exd3 12. Nxf5 dxe2 13. Nxh6+ Bxh6 14. Nxe2 Bxd2 15. Qxd2 Rb8 16. b4 Ne5 17. Qc3 Kh7 18. Rbe1 Rh8 19. f4 Ned7 20. h3 b5 21. Nd4 Qf8 22. cxb5 Qh6 23. Re7 Kg8 24. Qxc7 Nd5 25. Qxd7 Nxe7 26. Qxe7 Rc8 27. Nc6 Rf8 28. Qxd6 Qh5 29. Re1 Qxb5 30. Re5 Qc4 31. Ne7+ Kg7 32. Rc5 Qb3 33. Qd4+ f6 34. Nd5 Rf7 35. Rc7 Rxc7 36. Qxf6+ Kg8 37. Qd8+ Kg7 38. Qxc7+ Kh6 39. Qe5 Rh7 40. Qg5+ Kg7 41. f5 Qb1+ 42. Kh2 Qxf5 43. Qxf5 gxf5 44. b5 Kh6 45. a4 Kg6 46. a5 Kg5 47. h4+ Kg6 48. b6 Kh6 49. a6 f4 50. b7 fxg3+ 51. Kxg3 Rg7+ 52. Kf3 Rf7+ 53. Nf4 Rf8 54. Ke3 Re8+ 55. Kd4 Kg7 56. Kd5 Kf6 57. Kd6 Kf7 58. Bh3 1-0

[Event "Ostrava op"]
[Site "Ostrava"]
[Date "2009.05.09"]
[Round "8"]
[White "Balogh, Milan"]
[Black "Novak, Borivoj"]
[Result "0-1"]
[WhiteElo "1670"]
[BlackElo "1775"]
[PlyCount "94"]
[EventDate "2009.05.02"]
[EventType "swiss"]
[EventRounds "9"]
[EventCountry "CZE"]
[SourceTitle "EXT 2011"]
[Source "ChessBase"]
[SourceDate "2010.11.26"]
[SourceVersion "1"]
[SourceVersionDate "2010.11.26"]
[SourceQuality "1"]

1. e4 c5 2. Nf3 d6 3. c3 Nf6 4. Bb5+ Bd7 5. Bxd7+ Nbxd7 6. Qe2 g6 7. d4 Bg7 8. 0-0 0-0 9. Re1 Rc8 10. b3 cxd4 11. cxd4 Qc7 12. Na3 a6 13. Bb2 b5 14. Rac1 Qb7 15. e5 dxe5 16. dxe5 Rxc1 17. Rxc1 Nh5 18. Qc2 Nf4 19. Qc6 Qxc6 20. Rxc6 Rd8 21. g3 Nd3 22. Bd4 N7xe5 23. Bxe5 Nxe5 24. Nxe5 Bxe5 25. Rxa6 b4 26. Nc4 Bc3 27. Kg2 g5 28. h3 Rd7 29. Rc6 Ra7 30. a4 bxa3 31. Nxa3 Bb2 32. Nc2 Rb7 33. b4 f6 34. Rc4 Kf7 35. Kf3 h5 36. g4 h4 37. Ke4 e6 38. f4 gxf4 39. Kxf4 Rd7 40. Ke3 Bc1+ 41. Kf2 Rd3 42. Kg2 Rg3+ 43. Kh2 e5 44. g5 Bf4 45. Kh1 Rxh3+ 46. Kg2 Rg3+ 47. Kh1 h3 0-1

[Event "Ostrava op"]
[Site "Ostrava"]
[Date "2009.05.08"]
[Round "7"]
[White "Novak, Borivoj"]
[Black "Pifka, Jaroslav"]
[Result "1-0"]
[WhiteElo "1775"]
[BlackElo "1665"]
[PlyCount "112"]
[EventDate "2009.05.02"]
[EventType "swiss"]
[EventRounds "9"]
[EventCountry "CZE"]
[SourceTitle "EXT 2011"]
[Source "ChessBase"]
[SourceDate "2010.11.26"]
[SourceVersion "1"]
[SourceVersionDate "2010.11.26"]
[SourceQuality "1"]

1. c4 Nf6 2. Nf3 g6 3. b3 Bg7 4. Bb2 0-0 5. g3 d6 6. Bg2 c6 7. 0-0 e5 8. d3 Re8 9. a3 Nbd7 10. b4 Nf8 11. Nbd2 Qc7 12. e3 Kh8 13. Rc1 Ng8 14. e4 h6 15. c5 Be6 16. a4 dxc5 17. Rxc5 Nd7 18. Rc2 a6 19. Qa1 f6 20. Nh4 Kh7 21. a5 g5 22. Nf5 Bxf5 23. exf5 Rad8 24. Be4 Ne7 25. Qd1 Nf8 26. Kg2 Kg8 27. Rh1 Nc8 28. h4 Nd6 29. Bd5+ Nf7 30. Bc4 Kh8 31. Ne4 Nd6 32. Nxd6 Qxd6 33. hxg5 fxg5 34. Qh5 Qf6 35. Qg4 Re7 36. f4 gxf4 37. gxf4 Nh7 38. Kf1 Rd4 39. Bxd4 exd4 40. Qg6 Qxg6 41. fxg6 Nf6 42. Re2 Rxe2 43. Kxe2 Bf8 44. Rb1 Kg7 45. f5 Ng4 46. Be6 Kf6 47. Bc8 Ne3 48. Bxb7 Nd5 49. Rc1 Nc3+ 50. Kf3 Bxb4 51. Bxc6 Be7 52. Re1 Bb4 53. Re6+ Kg7 54. Be8 Nd5 55. Rxa6 h5 56. Bf7 h4 1-0

[Event "Ostrava Konik op-B"]
[Site "Ostrava"]
[Date "2007.05.??"]
[Round "4"]
[White "Pyka, Milan"]
[Black "Novak, Borivoj"]
[Result "0-1"]
[WhiteElo "1725"]
[BlackElo "1855"]
[PlyCount "80"]
[EventDate "2007.05.??"]
[EventType "swiss"]
[EventRounds "9"]
[EventCountry "CZE"]
[SourceTitle "EXT 2010"]
[Source "ChessBase"]
[SourceDate "2010.11.25"]
[SourceVersion "1"]
[SourceVersionDate "2010.11.25"]
[SourceQuality "1"]

1. e4 c5 2. Nf3 d6 3. d4 cxd4 4. Nxd4 Nf6 5. Nc3 g6 6. f3 Bg7 7. Be3 Bd7 8. Bc4 h5 9. Qd2 Nc6 10. 0-0-0 Rc8 11. h4 a6 12. g4 hxg4 13. f4 Na5 14. Bb3 Nc4 15. Bxc4 Rxc4 16. f5 Rxc3 17. Qxc3 Nxe4 18. Qb4 gxf5 19. Qxb7 e5 20. Nc6 Qc8 21. Na5 Qxb7 22. Nxb7 Ke7 23. Nxd6 Bh6 24. Nxe4 Bxe3+ 25. Nd2 Bc6 26. Rhe1 f4 27. Rxe3 fxe3 28. Nc4 e2 29. Re1 Bf3 30. Nxe5 Rxh4 31. Kd2 Rh5 32. Nd3 f5 33. Nf4 Rh2 34. Nxe2 Kd6 35. c4 Kc5 36. b3 a5 37. Ke3 Bxe2 38. Rxe2 f4+ 39. Kd2 g3 40. Kd1 g2 0-1

[Event "Ostrava Konik op-B"]
[Site "Ostrava"]
[Date "2007.05.??"]
[Round "6"]
[White "Schoupal, Patrik"]
[Black "Novak, Borivoj"]
[Result "1-0"]
[WhiteElo "1995"]
[BlackElo "1855"]
[PlyCount "47"]
[EventDate "2007.05.??"]
[EventType "swiss"]
[EventRounds "9"]
[EventCountry "CZE"]
[SourceTitle "EXT 2010"]
[Source "ChessBase"]
[SourceDate "2010.11.25"]
[SourceVersion "1"]
[SourceVersionDate "2010.11.25"]
[SourceQuality "1"]

1. e4 c5 2. d4 cxd4 3. c3 dxc3 4. Nxc3 Nc6 5. Nf3 g6 6. Bc4 e6 7. 0-0 Bg7 8. Nb5 Nge7 9. Nd6+ Kf8 10. Bf4 a6 11. Ng5 Qa5 12. Ngxf7 Qh5 13. Be2 Qa5 14. Nxh8 Bxh8 15. Bh6+ Kg8 16. Rc1 Bxb2 17. Nc4 Bxc1 18. Nxa5 Bxh6 19. Nc4 d5 20. Nb6 Rb8 21. exd5 exd5 22. Nxd5 Be6 23. Nxe7+ Nxe7 24. Qd6 1-0

[Event "Ostrava SMP op"]
[Site "Ostrava"]
[Date "2006.05.02"]
[Round "4"]
[White "Pektor, Vitezslav"]
[Black "Novak, Borivoj"]
[Result "1/2-1/2"]
[WhiteElo "1809"]
[BlackElo "1914"]
[PlyCount "131"]
[EventDate "2006.04.29"]
[EventType "swiss"]
[EventRounds "9"]
[EventCountry "CZE"]
[SourceTitle "EXT 2008"]
[Source "ChessBase"]
[SourceDate "2007.11.25"]
[SourceVersion "1"]
[SourceVersionDate "2007.11.25"]
[SourceQuality "1"]

1. e4 c5 2. Nf3 d6 3. d4 cxd4 4. Nxd4 Nf6 5. Nc3 g6 6. Bd3 Bg7 7. Bg5 Bd7 8. Qd2 Nc6 9. Nxc6 bxc6 10. Bh6 0-0 11. Bxg7 Kxg7 12. 0-0 Rb8 13. Nd1 e5 14. c4 d5 15. cxd5 cxd5 16. exd5 Nxd5 17. Bxg6 Bb5 18. Be4 Nf4 19. Qxd8 Rbxd8 20. Re1 Rd2 21. Ne3 Ne2+ 22. Kh1 Nd4 23. Kg1 f5 24. Bb1 e4 25. a4 Ne2+ 26. Kh1 Bd3 27. Bxd3 exd3 28. Rad1 Rxd1 29. Rxd1 f4 30. Nd5 Rc8 31. h3 Rc1 32. Nc3 d2 33. Kh2 Nxc3 34. Rxd2 Nxa4 35. Rd7+ Kg6 36. b3 Nc5 37. Rxa7 Nxb3 38. g4 Nd2 39. Ra6+ Kf7 40. Kg2 Rc4 41. Rh6 Kg7 42. Rh5 h6 43. Rf5 Re4 44. Rd5 Re2 45. Rf5 Re4 46. Rd5 Nb3 47. Rd7+ Kf6 48. Rh7 Kg6 49. Rb7 Nd4 50. Rb6+ Re6 51. Rb4 Rd6 52. Ra4 Kf6 53. Ra5 Ke6 54. h4 Rc6 55. Rh5 Kf7 56. Rd5 Ne6 57. Rf5+ Kg6 58. Rd5 Rc5 59. Rxc5 Nxc5 60. Kf3 Ne6 61. Ke4 Kf6 62. f3 Kg6 63. Ke5 Kf7 64. Kf5 Ke7 65. Ke5 Kf7 66. Kf5 1/2-1/2

[Event "Ostrava SME op-B"]
[Site "Ostrava"]
[Date "2005.05.06"]
[Round "7"]
[White "Stracanek, Vladimir"]
[Black "Novak, Borivoj"]
[Result "0-1"]
[WhiteElo "1945"]
[BlackElo "1805"]
[PlyCount "130"]
[EventDate "2005.04.30"]
[EventType "swiss"]
[EventRounds "9"]
[EventCountry "CZE"]
[SourceTitle "EXT 2007"]
[Source "ChessBase"]
[SourceDate "2006.11.23"]
[SourceVersion "1"]
[SourceVersionDate "2006.11.23"]
[SourceQuality "1"]

1. e4 c5 2. Nf3 d6 3. d4 cxd4 4. Nxd4 Nf6 5. Nc3 g6 6. Bc4 Bg7 7. 0-0 0-0 8. Be2 Nc6 9. Be3 Bd7 10. h3 a6 11. a3 b5 12. f4 Rc8 13. Qd2 Na5 14. Bf2 Rxc3 15. bxc3 Nxe4 16. Qe3 f5 17. Bh4 Qc7 18. Rf3 Qxc3 19. Rd1 Qc7 20. Qd3 e5 21. fxe5 Bxe5 22. Nb3 Be6 23. Nxa5 Qxa5 24. Qe3 Qc7 25. Bd3 Nc3 26. Re1 Qg7 27. Kh1 Bd5 28. Rff1 f4 29. Qd2 Qh6 30. Rxe5 dxe5 31. Qxc3 Qxh4 32. Kg1 Qg3 33. Rf2 Qe3 34. Qc7 e4 35. Qe5 exd3 36. Qxd5+ Kg7 37. cxd3 Qc1+ 38. Kh2 Qc7 39. Rf3 Rf5 40. Qd4+ Kh6 41. Qf2 Qf7 42. Qh4+ Kg7 43. Qd8 g5 44. Qd4+ Qf6 45. Qd7+ Qf7 46. Qd4+ Kg6 47. Qd6+ Rf6 48. Qc5 h5 49. Qd4 Qe7 50. Qd5 Re6 51. Qa8 Kg7 52. Qd5 Re5 53. Qd4 Kg6 54. Qb6+ Re6 55. Qb8 Kg7 56. Qc8 Qd6 57. Qc3+ Kh7 58. Kg1 g4 59. hxg4 hxg4 60. Rf1 g3 61. d4 Re4 62. Qf3 Qxd4+ 63. Kh1 Re6 64. Qb7+ Qg7 65. Qd5 Qh6+ 0-1

[Event "Ostrava op-B"]
[Site "Ostrava"]
[Date "2003.05.09"]
[Round "8"]
[White "Uherek, Michal"]
[Black "Novak, Borivoj"]
[Result "1-0"]
[WhiteElo "1408"]
[BlackElo "1887"]
[PlyCount "59"]
[EventDate "2003.05.03"]
[EventType "swiss"]
[EventRounds "10"]
[EventCountry "CZE"]
[SourceTitle "EXT 2006"]
[Source "ChessBase"]
[SourceDate "2005.11.24"]
[SourceVersion "1"]
[SourceVersionDate "2005.11.24"]
[SourceQuality "1"]

1. e4 c5 2. Nf3 d6 3. d4 cxd4 4. Nxd4 Nf6 5. Nc3 g6 6. Be3 Bg7 7. f3 h5 8. Bc4 Nc6 9. Qd2 a6 10. Bb3 Bd7 11. 0-0-0 Na5 12. Rhe1 Nxb3+ 13. axb3 b5 14. Nd5 Nxd5 15. exd5 0-0 16. h4 Bxd4 17. Bxd4 Kh7 18. g4 Rc8 19. Bc3 hxg4 20. h5 f6 21. Qe2 Bf5 22. fxg4 b4 23. gxf5 bxc3 24. hxg6+ Kg7 25. Rh1 e5 26. Rh7+ Kg8 27. Rh8+ Kg7 28. Rh7+ Kg8 29. Qh5 cxb2+ 30. Kb1 1-0

[Event "Ostrava op-B"]
[Site "Ostrava"]
[Date "2003.05.07"]
[Round "6"]
[White "Dubinsky, Ladislav"]
[Black "Novak, Borivoj"]
[Result "1/2-1/2"]
[WhiteElo "1658"]
[BlackElo "1887"]
[PlyCount "99"]
[EventDate "2003.05.03"]
[EventType "swiss"]
[EventRounds "10"]
[EventCountry "CZE"]
[SourceTitle "EXT 2006"]
[Source "ChessBase"]
[SourceDate "2005.11.24"]
[SourceVersion "1"]
[SourceVersionDate "2005.11.24"]
[SourceQuality "1"]

1. d4 Nf6 2. c4 g6 3. Nc3 d5 4. e3 Bg7 5. Nf3 0-0 6. Bd3 Bg4 7. h3 Bxf3 8. Qxf3 dxc4 9. Bxc4 c6 10. 0-0 e6 11. Rd1 Qc7 12. e4 Nbd7 13. Bf4 e5 14. dxe5 Nxe5 15. Bxe5 Qxe5 16. Rd3 Rad8 17. Rad1 Rxd3 18. Qxd3 b5 19. Bb3 b4 20. Na4 Qxe4 21. Qxe4 Nxe4 22. Rd7 a5 23. f3 Ng3 24. Kf2 Nf5 25. g4 Bd4+ 26. Kf1 Ne3+ 27. Ke2 c5 28. Nb6 Ng2 29. Nd5 Bxb2 30. Kf1 Nh4 31. Kf2 Kg7 32. Nf4 Kg8 33. Ne2 g5 34. Rd5 h6 35. Rxc5 Ng6 36. Rxa5 Rd8 37. Rd5 Rxd5 38. Bxd5 Be5 39. Be4 Ne7 40. Nc1 f6 41. Nd3 Bd6 42. Ke2 Kf7 43. Nb2 Ke6 44. Nc4 Bc5 45. Kd3 Nd5 46. Bf5+ Ke7 47. Nd2 Bd6 48. Ne4 Be5 49. Kc4 Nc3 50. Nxc3 1/2-1/2

[Event "Ostrava op-B"]
[Site "Ostrava"]
[Date "2003.05.04"]
[Round "2"]
[White "Stukner, Simon"]
[Black "Novak, Borivoj"]
[Result "0-1"]
[WhiteElo "1509"]
[BlackElo "1887"]
[PlyCount "44"]
[EventDate "2003.05.03"]
[EventType "swiss"]
[EventRounds "10"]
[EventCountry "CZE"]
[SourceTitle "EXT 2006"]
[Source "ChessBase"]
[SourceDate "2005.11.24"]
[SourceVersion "1"]
[SourceVersionDate "2005.11.24"]
[SourceQuality "1"]

1. e4 c5 2. Nf3 d6 3. d4 cxd4 4. Nxd4 Nf6 5. Nc3 g6 6. Be3 Bg7 7. f3 h5 8. Qd2 Bd7 9. Bc4 a6 10. Bb3 Nc6 11. 0-0-0 b5 12. h3 h4 13. Nd5 Nxd5 14. Bxd5 Rc8 15. Bf2 Ne5 16. Qb4 Qc7 17. Bb3 a5 18. Qd2 a4 19. Bd5 e6 20. f4 exd5 21. fxe5 dxe5 22. Nf3 Bh6 0-1

[Event "Ostrava op-B"]
[Site "Ostrava"]
[Date "2003.05.03"]
[Round "1"]
[White "Novak, Borivoj"]
[Black "Bortlik, Daniel"]
[Result "0-1"]
[WhiteElo "1887"]
[BlackElo "1623"]
[PlyCount "72"]
[EventDate "2003.05.03"]
[EventType "swiss"]
[EventRounds "10"]
[EventCountry "CZE"]
[SourceTitle "EXT 2006"]
[Source "ChessBase"]
[SourceDate "2005.11.24"]
[SourceVersion "1"]
[SourceVersionDate "2005.11.24"]
[SourceQuality "1"]

1. c4 c5 2. Nc3 Nc6 3. Nf3 Nf6 4. g3 g6 5. Bg2 Bg7 6. 0-0 0-0 7. e3 e6 8. d4 cxd4 9. exd4 d5 10. cxd5 Nxd5 11. a3 Qb6 12. Na4 Qc7 13. Nc3 Bd7 14. Nxd5 exd5 15. h3 Be6 16. b4 b5 17. Bf4 Qb6 18. Bd6 Rfd8 19. Bc5 Qc7 20. Re1 a5 21. Ng5 Qd7 22. Nxe6 fxe6 23. f4 axb4 24. axb4 Ra4 25. Rxa4 bxa4 26. b5 Na7 27. b6 Nc8 28. Re3 Nd6 29. Ra3 Ra8 30. Bf1 Nb7 31. Rc3 Nxc5 32. Rxc5 a3 33. Rc7 Qd8 34. Ra7 Rxa7 35. bxa7 Qa5 36. a8Q+ Qxa8 0-1